| 000 | 01154nam a2200289 i 4500 | ||
|---|---|---|---|
| 001 | 179829 | ||
| 003 | ES-MaACL | ||
| 005 | 20240305175835.0 | ||
| 008 | 120130s2001 sp ace |||| | spa d | ||
| 020 | _a84-95192-73-X | ||
| 080 | _a373.3(460.238 C.)"18" | ||
| 100 | 1 |
_aNavarro García, Clotilde. _9149250 |
|
| 245 | 1 | 0 |
_aLeer, escribir, contar en las escuelas de Cuenca _b: evolución del sistema educativo durante el siglo XIX / _cClotilde Navarro García ; prólogo, Alejandro Tiana. |
| 260 |
_aCuenca : _bDiputación Provincial de Cuenca, Sección de Publicaciones, _c[2001] |
||
| 300 |
_a360 p. : _bil., fot., plano ; _c24 cm. |
||
| 490 | 1 |
_aHistoria ; _v31 |
|
| 502 | _aBasado en la tesis doctoral de la autora. | ||
| 504 | _aBibliografía: p. 341-353. | ||
| 650 | 7 |
_aEnseñanza primaria- _zEspaña. _912305 |
|
| 650 | 7 |
_aEnseñanza- _zCuenca _2 _9149251 |
|
| 700 | 1 |
_aTiana Ferrer, Alejandro. _9110200 |
|
| 710 | 1 |
_aCuenca (Provincia). _bDiputación Provincial. _93346 |
|
| 830 | 0 |
_aHistoria ; _v31 _9177536 |
|
| 852 |
_aES-MaACL _jA-11939 _9186729 _bR.146868 _cDEPO1 _dOlim: N-4944 |
||
| 942 |
_2udc _cMONOGRAFIA |
||
| 999 |
_c179829 _d179829 |
||